000 00323nam a22001337a 4500
008 171130b xxu||||| |||| 00| 0 eng d
020 _a9789951560269
041 _aalb
080 _a574
100 _a9
101 _aMJE
245 _aOPERACIONET KRYESORE NE TRAJTIMIN E UJERAVE TE PIJSHEM
_cOSMANAJ, L
942 _2udc
_cBK
999 _c38638
_d38638